01164cam a2200361 a 45000010008000000030004000080050017000120080041000290100017000700200015000870200018001020400018001200420009001380500026001471000018001732450063001912460039002542600035002933000042003284400032003705000023004025000023004255200180004485210007006285260007006355620006006426500020006486500023006686500019006916500039007107000026007497000027007754014783OSt20140429091613.0970114s1997 nyua b 000 1 eng  a 97005040  a0590308572 a9780590308571 aDLCcDLCdDLC alcac00aPZ 10.3b.C466Th 20021 aCindy Chapman10aThree pigs, one wolf, and their own words /cCindy Chapman3 a4 pigs, 1 wolf, and 7 magic shapes aNew York :bScholastic,c2002. a1 v. (unpaged) :bcol. ill. ;c23 cm. 0aHello math reader.nLevel 3 a"Cartwheel books." a"Geometry"--Cover. aTells the story of three pigs who acquire some magic shapes, which they use for various purposes, some smart and some not so smart. Includes a section with related activities.0 aBR cBR e2 1aShapevFiction. 1aTangramsvFiction. 1aPigsvFiction. 1aCharacters in literaturevFiction.1 aNeuhaus, David,eill.1 aBurns, Marilyn,d1941-